000 01104nam a22003257a 4500
003 CHAP
005 20220329133439.0
008 971013s1992 r 00010 d
010 _a6495
011 _a7467
035 _a6690
040 _cCHAP
090 _aTesis
100 0 0 _aFlores Hernández, Audencio.
_941581
245 _aCostos de producción de la naranja en el municipio de Tanquían de Escobedo, San Luis Potosí
260 _aChapingo, Méx. :
_bEl autor,
_c1992
300 _a64 h.
_b; anexo ; gráfs.
500 _a62-136
502 _aTesis (Ing. Agr. Esp. en Economía Agrícola) -- UACH. Departamento de Economía Agrícola
590 _aALEPH
_b10
_c20130110
_lUCH01
_h1219
590 _aBATCH-UPD
_b10
_c20130110
_lUCH01
_h1330
590 _aBATCH-UPD
_b10
_c20130410
_lUCH01
_h0835
590 _aBATCH-UPD
_b10
_c20130914
_lUCH01
_h1705
590 _aCONVERSION
_b10
_c20130109
_lUCH01
_h1305
650 1 4 _aNaranja
_xCostos de producción.
_980147
650 1 4 _aNaranja
_zSan Luis Potosí.
_980198
901 _aBK
942 _cTESIS
949 _bBC
_cTES
_d-16298
_eTS1
_h25207
_i6690
_si
999 _c6495
_d6495